| 000 | 00349 a2200121 4500 | ||
|---|---|---|---|
| 001 | ART_7157 | ||
| 005 | 20260410161700.0 | ||
| 008 | 260409a | ||
| 245 | 1 | 0 | _aLa dinámica de corto plazo de la inflación |
| 100 | 1 | _aDAmato, Laura | |
| 700 | 1 | _aGaregnani, Lorena | |
| 773 | 0 |
_tEnsayos Económicos _g- Nº 55 (jul. 2009) _wREV620 |
|
| 999 |
_c15058 _d15058 |
||